000
00249nam a2200109Ia 4500
005
20251222143134.0
008
251222s9999||||xx |||||||||||||| ||spa||
082
_a
338.91/C76
245
0
_a
Espacios Iberoamericanos:
264
_b
CEPAL
942
_c
LIB
999
_c
12059
_d
12059